| 000 | 00373nam a22001457a 4500 | ||
|---|---|---|---|
| 003 | SGT | ||
| 082 |
_a617.6342 _bE21V |
||
| 100 | _aVerma, Simran | ||
| 245 | _aEndodontic Biofilm | ||
| 260 |
_aGurugram, Haryana _bSGT University _c20214 |
||
| 300 | _a80 | ||
| 650 | _aConservative Dentistry & Endodontics | ||
| 653 | _aConservative Dentistry & Endodontics | ||
| 942 |
_2ddc _cTH |
||
| 999 |
_c23632 _d23632 |
||